Reinforced concrete design by computer / (Record no. 547070)
[ view plain ]
| 000 -LEADER | |
|---|---|
| fixed length control field | 00622cam a2200193 a 4500 |
| 020 ## - INTERNATIONAL STANDARD BOOK NUMBER | |
| International Standard Book Number | 0333391616 |
| 020 ## - INTERNATIONAL STANDARD BOOK NUMBER | |
| International Standard Book Number | 0333391624 (pbk.) |
| 082 ## - DEWEY DECIMAL CLASSIFICATION NUMBER | |
| Classification number | 624.183410285 |
| Author Mark | HUL |
| -- | L-19 P-77 |
| 100 1# - MAIN ENTRY--PERSONAL NAME | |
| Personal name | Hulse, R. |
| 9 (RLIN) | 43258 |
| 245 10 - TITLE STATEMENT | |
| Title | Reinforced concrete design by computer / |
| Statement of responsibility, etc. | R. Hulse, W.H. Mosley. |
| 260 ## - PUBLICATION, DISTRIBUTION, ETC. | |
| Place of publication, distribution, etc. | Basingstoke, Hamps. : |
| Name of publisher, distributor, etc. | Macmillam, |
| Date of publication, distribution, etc. | 1986. |
| 300 ## - PHYSICAL DESCRIPTION | |
| Extent | xii, 288 p. : |
| Other physical details | ill. ; |
| Dimensions | 25 cm. |
| 500 ## - GENERAL NOTE | |
| General note | Includes index. |
| 526 ## - STUDY PROGRAM INFORMATION NOTE | |
| Program name | 0 |
| Interest level | 0 |
| Reading level | 0 |
| Title point value | 624_183410285000000_HUL |
| 650 #0 - SUBJECT ADDED ENTRY--TOPICAL TERM | |
| Topical term or geographic name entry element | MCE |
| 9 (RLIN) | 379 |
| 650 #0 - SUBJECT ADDED ENTRY--TOPICAL TERM | |
| Topical term or geographic name entry element | Reinforced concrete construction |
| General subdivision | Data processing. |
| 9 (RLIN) | 43259 |
| 700 1# - ADDED ENTRY--PERSONAL NAME | |
| Personal name | Mosley, W. H. |
| 9 (RLIN) | 27447 |
| 942 ## - ADDED ENTRY ELEMENTS (KOHA) | |
| Source of classification or shelving scheme | |
| Koha item type | Book |
| Withdrawn status | Lost status | Source of classification or shelving scheme | Damaged status | Not for loan | Permanent Location | Current Location | Date acquired | Total Checkouts | Full call number | Barcode | Date last seen | Price effective from | Koha item type |
|---|---|---|---|---|---|---|---|---|---|---|---|---|---|
| Military College of Engineering (MCE) | Military College of Engineering (MCE) | 07/01/2014 | 624.183410285 HUL | MCE-24301 | 07/01/2014 | 07/01/2014 | Book |
